Y usted, ¿de qué se ríe? : antología de textos con humor /
Guardado en:
| Autor Principal: | |
|---|---|
| Otros Autores: | , |
| Formato: | Libro |
| Idioma: | Undetermined |
| Publicado: |
Buenos Aires :
Colihue,
2021.
|
| Edición: | 1a ed. |
| Series: | Leer y Crear
|
| Materias: | |
| Etiquetas: |
Agregar Etiqueta
Sin Etiquetas, Sea el primero en etiquetar este registro!
|
| LEADER | 01815nam a22003255a 4500 | ||
|---|---|---|---|
| 001 | CEM.cems018981 | ||
| 008 | 211021s2021####ag############000#0#und#d | ||
| 005 | 20221004162407.0 | ||
| 245 | 1 | 0 | |a Y usted, ¿de qué se ríe? : |b antología de textos con humor / |c Alejando Dolina [et al.] ; compilado por Paula Labeur y Griselda Gandolfi. |
| 250 | |a 1a ed. | ||
| 260 | |a Buenos Aires : |b Colihue, |c 2021. | ||
| 300 | |a 144 p. | ||
| 490 | 1 | |a Leer y Crear | |
| 500 | |a Edición para Ministerio de Educación de la Nación Argentina. | ||
| 505 | 0 | |a El humor no es ningún chiste -- Una leyenda con aires correntinos / Alejandro Dolina -- El mellizo / Leo Maslíah -- Rebeca, una mujer inolvidable / Carlos Warnes -- Los crímenes de Londres / Conrado Nalé Roxlo -- Mi discurso a los graduados / Woody Allen -- No comeré de la lechuga el verde pétalo / Vinicius de Moraes -- El Camaleón que finalmente no sabía de que color ponerse / Augusto Monterroso -- Necrológica / María Elena Walsh -- El día del arquero / Juan Sasturain -- Ulpido Vega / Roberto Fontanarrosa -- Felices vacaciones / Enrique Pinti -- Temores injustificados / Fernando Sorrentino -- Del que no se casa / Roberto Arlt -- Una guerra perdida / Adolfo Bioy Casares | |
| 020 | |a 9789876847858 | ||
| 100 | 1 | |a Cortázar, Juilio. | |
| 700 | 1 | |a Labeur, Paula; comp. | |
| 700 | 1 | |a Gandolfi, Griselda; comp. | |
| 653 | |a Literatura | ||
| 653 | |a Literatura Mundial | ||
| 653 | |a Cuentos | ||
| 653 | |a Relatos | ||
| 653 | |a Narrativa | ||
| 653 | |a Humor | ||
| 653 | |a Literatura Humorística | ||
| 653 | |a Colección Leer Abre Mundos | ||
| 859 | |a CEMS |b BIB. CEMS - 11 de abril |h 808.8 |i D689 |p 29156.21 |t Ej.1 | ||
| 859 | |a CEMS |b BIB. CEMS - Agricultura |h 808.8 |i D689 |p A3366.21 |t Ej.1 | ||
| 859 | |a CEMS |b BIB. CEMS - 11 de abril |h 808.8 |i D689 |p 29262.21 |t Ej. 2 | ||
